000 00584nam a22001937a 4500
005 20260319144443.0
010 _aENG-147950
020 _a9789386288677
_c1450.00
035 _aEN-131482
037 _bDBAD
082 _a954.31
100 _aMathur Mitakshi
_988642
245 _aOde to "Dilli" /
_cMitakshi Mathur
_hEnglish
260 _aDaryaganj
_bKalpana Shukla
_c2017
270 _a4676/21, First Floor, Ansari Road Daryaganj,
_bNew Delhi
_e110002
300 _a126p.
_c17cm(Pb)
700 _aMathur Mitakshi
_987103
942 _2ddc
_cEN
_h954.31
_mMAT
999 _c215660
_d215660